000 00423nam a2200181Ia 4500
001 4346
005 20260306145749.0
008 260306t1993||||xx |||||||||||||| ||spa||
041 _aESP
082 _a320.985
_bA49
100 _aÁlvarez Rodrich, Augusto,
_eAUT
245 0 _aEl poder en el Perú
260 _c1993
300 _a238 páginas :
_c22 cm.
650 _aGEN
654 _aCDE
942 _cLIB
_dJUS
_fJUS
_2ddc
_n
999 _c4346
_d4346